[Event "Masters Tournament (MTO)"]
[Site "Biel, CH"]
[Date "2025.07.21"]
[Round "7"]
[White "Marcenaro, Alessandro"]
[Black "Federer, Colin"]
[Result "0-1"]
[Board "54"]
[WhiteFideId "28554094"]
[BlackFideId "1345117"]
[BlackTitle "FM"]
[WhiteElo "2160"]
[BlackElo "2303"]
[WhiteTeam "ITA"]
[BlackTeam "SUI"]
[WhiteClock "0:01:23"]
[BlackClock "0:01:13"]
[Variant "Standard"]

1. e4 {[%clk 1:40:50]}  c5 {[%clk 1:40:46]} 2. Nf3 {[%clk 1:41:02]}  d6 {[%clk 1:41:07]} 3. d4 {[%clk 1:41:15]}  cxd4 {[%clk 1:41:26]} 4. Nxd4 {[%clk 1:41:27]}  Nf6 {[%clk 1:41:47]} 5. Nc3 {[%clk 1:41:46]}  a6 {[%clk 1:42:09]} 6. f3 {[%clk 1:41:40]}  e5 {[%clk 1:42:20]} 7. Nb3 {[%clk 1:41:58]}  Be6 {[%clk 1:42:32]} 8. Be3 {[%clk 1:42:13]}  h5 {[%clk 1:42:40]} 9. Nd5 {[%clk 1:41:36]}  Bxd5 {[%clk 1:42:57]} 10. exd5 {[%clk 1:41:59]}  Nbd7 {[%clk 1:43:12]} 11. Qd2 {[%clk 1:42:14]}  g6 {[%clk 1:43:18]} 12. O-O-O {[%clk 1:40:54]}  Bg7 {[%clk 1:43:08]} 13. Kb1 {[%clk 1:40:34]}  Qc7 {[%clk 1:42:51]} 14. Be2 {[%clk 1:36:26]}  O-O {[%clk 1:42:20]} 15. g4 {[%clk 1:22:46]}  Rfc8 {[%clk 1:35:02]} 16. g5 {[%clk 1:10:32]}  Ne8 {[%clk 1:31:07]} 17. c4 {[%clk 1:03:38]}  a5 {[%clk 1:34:02]} 18. Rc1 {[%clk 1:02:34]}  b6 {[%clk 1:20:51]} 19. Na1 {[%clk 0:41:24]}  Nc5 {[%clk 1:14:40]} 20. Nc2 {[%clk 0:46:28]}  Qd7 {[%clk 1:11:38]} 21. Na3 {[%clk 0:40:45]}  Nc7 {[%clk 1:06:19]} 22. Rhf1 {[%clk 0:35:49]}  Re8 {[%clk 1:02:10]} 23. Rce1 {[%clk 0:29:14]}  e4 {[%clk 0:54:52]} 24. f4 {[%clk 0:21:43]}  Na4 {[%clk 0:45:19]} 25. Bd4 {[%clk 0:25:06]}  e3 {[%clk 0:43:28]} 26. Qd1 {[%clk 0:23:50]}  Nc5 {[%clk 0:33:19]} 27. Bxg7 {[%clk 0:16:28]}  Kxg7 {[%clk 0:35:00]} 28. f5 {[%clk 0:13:40]}  Re5 {[%clk 0:32:41]} 29. Qd4 {[%clk 0:09:16]}  gxf5 {[%clk 0:23:43]} 30. Nc2 {[%clk 0:08:11]}  Kg8 {[%clk 0:20:02]} 31. Nxe3 {[%clk 0:03:52]}  Rae8 {[%clk 0:18:41]} 32. Bd3 {[%clk 0:03:19]}  f4 {[%clk 0:16:02]} 33. Nc2 {[%clk 0:03:02]}  Rxe1+ {[%clk 0:07:43]} 34. Rxe1 {[%clk 0:02:44]}  Qh3 {[%clk 0:05:45]} 35. Rd1 {[%clk 0:01:54]}  Qxh2 {[%clk 0:03:48]} 36. g6 {[%clk 0:01:21]}  Re5 {[%clk 0:02:31]} 37. gxf7+ {[%clk 0:01:07]}  Kxf7 {[%clk 0:02:47]} 38. Rf1 {[%clk 0:00:43]}  Ke7 {[%clk 0:01:41]} 39. Ne1 {[%clk 0:00:43]}  Qd2 {[%clk 0:01:25]} 40. Qxf4 {[%clk 0:00:31]}  Qxf4 {[%clk 0:01:47]} 41. Rxf4 {[%clk 0:00:34]}  Rxe1+ {[%clk 0:02:08]} 42. Kc2 {[%clk 0:00:08]}  Nxd3 {[%clk 0:02:04]} 43. Kxd3 {[%clk 0:01:14]}  Na6 {[%clk 0:01:54]} 44. Rh4 {[%clk 0:01:12]}  Nc5+ {[%clk 0:02:10]} 45. Kd2 {[%clk 0:01:03]}  Re5 {[%clk 0:02:29]} 46. a3 {[%clk 0:01:23]}  a4 {[%clk 0:01:13]} 0-1

[Event "Masters Tournament (MTO)"]
[Site "Biel, CH"]
[Date "2025.07.22"]
[Round "8"]
[White "Yilmaz, Mustafa"]
[Black "Karthikeyan, Murali"]
[Result "1/2-1/2"]
[Board "1"]
[WhiteFideId "6302718"]
[BlackFideId "5074452"]
[WhiteTitle "GM"]
[BlackTitle "GM"]
[WhiteElo "2586"]
[BlackElo "2650"]
[WhiteTeam "TUR"]
[BlackTeam "IND"]
[WhiteClock "0:04:18"]
[BlackClock "0:07:31"]
[Variant "Standard"]

1. d4 {[%clk 1:38:59]}  Nf6 {[%clk 1:40:45]} 2. c4 {[%clk 1:39:25]}  e6 {[%clk 1:41:09]} 3. Nf3 {[%clk 1:39:49]}  d5 {[%clk 1:41:33]} 4. Nc3 {[%clk 1:40:14]}  c6 {[%clk 1:41:44]} 5. Bg5 {[%clk 1:40:39]}  Nbd7 {[%clk 1:42:07]} 6. cxd5 {[%clk 1:40:03]}  exd5 {[%clk 1:42:29]} 7. e3 {[%clk 1:39:55]}  Be7 {[%clk 1:42:43]} 8. Qc2 {[%clk 1:39:19]}  Nf8 {[%clk 1:42:17]} 9. Bd3 {[%clk 1:37:49]}  Ne6 {[%clk 1:41:47]} 10. Bh4 {[%clk 1:38:13]}  g6 {[%clk 1:42:06]} 11. O-O {[%clk 1:38:03]}  Ng7 {[%clk 1:42:11]} 12. b4 {[%clk 1:34:19]}  a6 {[%clk 1:40:32]} 13. Rab1 {[%clk 1:34:12]}  O-O {[%clk 1:40:19]} 14. a4 {[%clk 1:34:32]}  Bf5 {[%clk 1:40:28]} 15. b5 {[%clk 1:21:31]}  axb5 {[%clk 1:40:07]} 16. axb5 {[%clk 1:20:43]}  Bxd3 {[%clk 1:40:25]} 17. Qxd3 {[%clk 1:21:11]}  Nf5 {[%clk 1:39:49]} 18. Bxf6 {[%clk 1:20:59]}  Bxf6 {[%clk 1:41:03]} 19. bxc6 {[%clk 1:21:25]}  bxc6 {[%clk 1:41:27]} 20. Rfc1 {[%clk 1:21:24]}  Qd7 {[%clk 1:31:01]} 21. Qc2 {[%clk 1:19:21]}  Rfb8 {[%clk 1:03:31]} 22. Na4 {[%clk 1:12:29]}  Rxb1 {[%clk 1:06:03]} 23. Rxb1 {[%clk 1:11:14]}  Qc7 {[%clk 1:02:59]} 24. Nc5 {[%clk 1:05:49]}  Be7 {[%clk 0:57:41]} 25. g3 {[%clk 0:47:20]}  Bxc5 {[%clk 0:42:09]} 26. Qxc5 {[%clk 0:56:50]}  Ra5 {[%clk 0:41:56]} 27. Qc3 {[%clk 0:41:12]}  c5 {[%clk 0:40:52]} 28. dxc5 {[%clk 0:38:47]}  Rxc5 {[%clk 0:41:17]} 29. Qb2 {[%clk 0:36:50]}  h5 {[%clk 0:34:07]} 30. Ng5 {[%clk 0:29:48]}  d4 {[%clk 0:11:22]} 31. Ne4 {[%clk 0:13:59]}  Rc2 {[%clk 0:11:14]} 32. Nf6+ {[%clk 0:08:55]}  Kh8 {[%clk 0:11:32]} 33. Qa3 {[%clk 0:07:57]}  Qd8 {[%clk 0:10:38]} 34. Qb3 {[%clk 0:07:58]}  Rc6 {[%clk 0:03:41]} 35. Nd5 {[%clk 0:03:59]}  dxe3 {[%clk 0:07:27]} 36. Nxe3 {[%clk 0:04:18]}  Nxe3 {[%clk 0:07:31]} 1/2-1/2

[Event "Masters Tournament (MTO)"]
[Site "Biel, CH"]
[Date "2025.07.22"]
[Round "8"]
[White "Karthik Venkataraman"]
[Black "Pranav Anand"]
[Result "1-0"]
[Board "2"]
[WhiteFideId "25006479"]
[BlackFideId "46626786"]
[WhiteTitle "GM"]
[BlackTitle "GM"]
[WhiteElo "2540"]
[BlackElo "2566"]
[WhiteTeam "IND"]
[BlackTeam "IND"]
[WhiteClock "1:03:39"]
[BlackClock "0:29:13"]
[Variant "Standard"]

1. e4 {[%clk 1:40:57]}  c5 {[%clk 1:40:17]} 2. Nf3 {[%clk 1:41:18]}  d6 {[%clk 1:40:42]} 3. d4 {[%clk 1:41:42]}  cxd4 {[%clk 1:41:07]} 4. Nxd4 {[%clk 1:42:07]}  Nf6 {[%clk 1:41:32]} 5. Nc3 {[%clk 1:42:33]}  a6 {[%clk 1:41:58]} 6. Bg5 {[%clk 1:42:56]}  e6 {[%clk 1:42:16]} 7. f4 {[%clk 1:43:20]}  h6 {[%clk 1:42:16]} 8. Bh4 {[%clk 1:43:42]}  Qb6 {[%clk 1:42:41]} 9. a3 {[%clk 1:44:06]}  Be7 {[%clk 1:43:07]} 10. Bf2 {[%clk 1:44:24]}  Qc7 {[%clk 1:43:32]} 11. Qf3 {[%clk 1:44:36]}  Nc6 {[%clk 1:43:58]} 12. O-O-O {[%clk 1:44:59]}  Bd7 {[%clk 1:43:40]} 13. g4 {[%clk 1:45:23]}  Nxd4 {[%clk 1:41:56]} 14. Rxd4 {[%clk 1:45:44]}  Bc6 {[%clk 1:42:21]} 15. Bc4 {[%clk 1:46:09]}  Rc8 {[%clk 1:37:36]} 16. Bb3 {[%clk 1:30:59]}  d5 {[%clk 1:37:36]} 17. exd5 {[%clk 1:31:20]}  Nxd5 {[%clk 1:37:50]} 18. Nxd5 {[%clk 1:31:44]}  Bxd5 {[%clk 1:38:15]} 19. Rxd5 {[%clk 1:32:09]}  exd5 {[%clk 1:37:49]} 20. h4 {[%clk 1:30:03]}  O-O {[%clk 1:22:48]} 21. g5 {[%clk 1:27:15]}  Bc5 {[%clk 1:20:19]} 22. gxh6 {[%clk 1:22:08]}  Bxf2 {[%clk 1:14:31]} 23. Qxf2 {[%clk 1:08:28]}  Qc6 {[%clk 1:03:33]} 24. hxg7 {[%clk 1:14:46]}  Rfe8 {[%clk 1:01:21]} 25. Kb1 {[%clk 1:10:19]}  a5 {[%clk 0:58:32]} 26. Qf3 {[%clk 1:00:27]}  d4 {[%clk 0:52:24]} 27. Qh5 {[%clk 1:03:00]}  Qxh1+ {[%clk 0:52:13]} 28. Ka2 {[%clk 1:03:27]}  Kxg7 {[%clk 0:52:34]} 29. Qxf7+ {[%clk 1:03:52]}  Kh6 {[%clk 0:46:16]} 30. Qf6+ {[%clk 1:04:15]}  Kh7 {[%clk 0:46:42]} 31. Qf5+ {[%clk 1:04:41]}  Kg7 {[%clk 0:45:09]} 32. Qg5+ {[%clk 1:05:04]}  Kh7 {[%clk 0:45:34]} 33. f5 {[%clk 1:05:20]}  Rc6 {[%clk 0:35:17]} 34. Qh5+ {[%clk 1:05:29]}  Kg7 {[%clk 0:35:35]} 35. Qf7+ {[%clk 1:03:41]}  Kh6 {[%clk 0:35:59]} 36. f6 {[%clk 1:04:07]}  Re5 {[%clk 0:28:49]} 37. Qg7+ {[%clk 1:03:35]}  Kh5 {[%clk 0:29:13]} 38. Bf7+ {[%clk 1:03:39]} 1-0

[Event "Masters Tournament (MTO)"]
[Site "Biel, CH"]
[Date "2025.07.22"]
[Round "8"]
[White "Pranesh M"]
[Black "Dau Khuong Duy"]
[Result "1/2-1/2"]
[Board "3"]
[WhiteFideId "35028600"]
[BlackFideId "12424722"]
[WhiteTitle "GM"]
[BlackTitle "IM"]
[WhiteElo "2592"]
[BlackElo "2456"]
[WhiteTeam "IND"]
[BlackTeam "VIE"]
[WhiteClock "0:19:51"]
[BlackClock "0:12:12"]
[Variant "Standard"]

1. e4 {[%clk 1:40:53]}  c5 {[%clk 1:40:45]} 2. Nf3 {[%clk 1:41:12]}  e6 {[%clk 1:41:01]} 3. d4 {[%clk 1:41:32]}  cxd4 {[%clk 1:41:24]} 4. Nxd4 {[%clk 1:41:56]}  Nc6 {[%clk 1:41:49]} 5. Nc3 {[%clk 1:42:08]}  Qc7 {[%clk 1:42:08]} 6. Be3 {[%clk 1:41:59]}  a6 {[%clk 1:42:12]} 7. Qf3 {[%clk 1:41:38]}  Nf6 {[%clk 1:40:29]} 8. O-O-O {[%clk 1:41:48]}  Ne5 {[%clk 1:39:59]} 9. Qg3 {[%clk 1:41:50]}  b5 {[%clk 1:37:50]} 10. a3 {[%clk 1:41:25]}  Bb7 {[%clk 1:18:24]} 11. Bf4 {[%clk 1:40:40]}  Nh5 {[%clk 1:07:18]} 12. Bxe5 {[%clk 1:39:55]}  Nxg3 {[%clk 1:07:29]} 13. Bxc7 {[%clk 1:40:16]}  Nxh1 {[%clk 1:07:55]} 14. f3 {[%clk 1:39:31]}  Bc5 {[%clk 1:02:38]} 15. Nb3 {[%clk 1:35:03]}  Be3+ {[%clk 0:59:05]} 16. Kb1 {[%clk 1:34:51]}  h5 {[%clk 0:49:53]} 17. Be5 {[%clk 1:20:22]}  h4 {[%clk 0:44:08]} 18. Bd4 {[%clk 1:11:10]}  Bxd4 {[%clk 0:42:32]} 19. Nxd4 {[%clk 1:11:28]}  h3 {[%clk 0:40:47]} 20. g4 {[%clk 1:09:16]}  d5 {[%clk 0:30:15]} 21. e5 {[%clk 1:04:10]}  f6 {[%clk 0:26:46]} 22. Nxe6 {[%clk 0:51:41]}  d4 {[%clk 0:22:08]} 23. Nc7+ {[%clk 0:51:03]}  Kf7 {[%clk 0:21:58]} 24. Nxa8 {[%clk 0:43:43]}  Bxa8 {[%clk 0:21:46]} 25. Rxd4 {[%clk 0:42:10]}  Bxf3 {[%clk 0:19:04]} 26. exf6 {[%clk 0:40:19]}  g5 {[%clk 0:17:44]} 27. Rd3 {[%clk 0:31:56]}  Bg2 {[%clk 0:17:00]} 28. Be2 {[%clk 0:32:10]}  Nf2 {[%clk 0:14:31]} 29. Re3 {[%clk 0:31:01]}  Rh4 {[%clk 0:13:37]} 30. Rg3 {[%clk 0:28:47]}  Kxf6 {[%clk 0:11:57]} 31. Nd1 {[%clk 0:22:55]}  Ne4 {[%clk 0:12:12]} 32. Re3 {[%clk 0:19:51]} 1/2-1/2

[Event "Masters Tournament (MTO)"]
[Site "Biel, CH"]
[Date "2025.07.22"]
[Round "8"]
[White "Bok, Benjamin"]
[Black "Latorre, Vincent"]
[Result "1-0"]
[Board "4"]
[WhiteFideId "1017063"]
[BlackFideId "2636891"]
[WhiteTitle "GM"]
[BlackTitle "FM"]
[WhiteElo "2593"]
[BlackElo "2326"]
[WhiteTeam "NED"]
[BlackTeam "CAN"]
[WhiteClock "0:01:26"]
[BlackClock "0:01:42"]
[Variant "Standard"]

1. c4 {[%clk 1:40:12]}  Nf6 {[%clk 1:40:25]} 2. Nc3 {[%clk 1:38:58]}  g6 {[%clk 1:40:25]} 3. g3 {[%clk 1:37:48]}  Bg7 {[%clk 1:40:13]} 4. Bg2 {[%clk 1:38:16]}  O-O {[%clk 1:40:13]} 5. d4 {[%clk 1:37:37]}  d6 {[%clk 1:39:39]} 6. Nf3 {[%clk 1:37:44]}  c6 {[%clk 1:39:21]} 7. e4 {[%clk 1:37:55]}  e5 {[%clk 1:37:40]} 8. O-O {[%clk 1:36:08]}  Bg4 {[%clk 1:36:51]} 9. Be3 {[%clk 1:36:32]}  exd4 {[%clk 1:35:30]} 10. Bxd4 {[%clk 1:36:57]}  Be6 {[%clk 1:14:57]} 11. Qe2 {[%clk 1:16:13]}  Re8 {[%clk 1:13:28]} 12. Rfe1 {[%clk 1:05:56]}  a6 {[%clk 0:55:59]} 13. Rad1 {[%clk 0:58:01]}  Qe7 {[%clk 0:39:45]} 14. h3 {[%clk 0:47:21]}  Nbd7 {[%clk 0:44:39]} 15. b3 {[%clk 0:47:07]}  h6 {[%clk 0:42:27]} 16. Qd2 {[%clk 0:42:03]}  b5 {[%clk 0:36:38]} 17. Nd5 {[%clk 0:36:19]}  Qd8 {[%clk 0:35:40]} 18. Nxf6+ {[%clk 0:35:33]}  Nxf6 {[%clk 0:36:02]} 19. e5 {[%clk 0:35:48]}  dxe5 {[%clk 0:23:23]} 20. Nxe5 {[%clk 0:35:23]}  Qc8 {[%clk 0:22:23]} 21. Nxc6 {[%clk 0:33:21]}  bxc4 {[%clk 0:21:12]} 22. bxc4 {[%clk 0:29:01]}  Kh7 {[%clk 0:17:10]} 23. Qc3 {[%clk 0:25:14]}  Nh5 {[%clk 0:11:16]} 24. Bxg7 {[%clk 0:21:37]}  Nxg7 {[%clk 0:11:32]} 25. Kh2 {[%clk 0:20:58]}  Qc7 {[%clk 0:09:28]} 26. Nb4 {[%clk 0:20:15]}  Rad8 {[%clk 0:07:30]} 27. Nd5 {[%clk 0:18:15]}  Bxd5 {[%clk 0:07:37]} 28. Rxe8 {[%clk 0:17:32]}  Rxe8 {[%clk 0:05:31]} 29. Bxd5 {[%clk 0:17:53]}  Nf5 {[%clk 0:04:51]} 30. Re1 {[%clk 0:12:38]}  Rxe1 {[%clk 0:03:22]} 31. Qxe1 {[%clk 0:13:04]}  h5 {[%clk 0:02:34]} 32. Kg2 {[%clk 0:12:02]}  Kg7 {[%clk 0:01:42]} 33. Qc3+ {[%clk 0:10:09]}  f6 {[%clk 0:02:05]} 34. h4 {[%clk 0:00:43]}  Qc5 {[%clk 0:01:35]} 35. Qe1 {[%clk 0:00:53]}  Qd6 {[%clk 0:00:39]} 36. Qe8 {[%clk 0:00:59]}  Ne7 {[%clk 0:00:38]} 37. Qf7+ {[%clk 0:01:03]}  Kh6 {[%clk 0:00:55]} 38. Qf8+ {[%clk 0:01:15]}  Kh7 {[%clk 0:01:20]} 39. Bg8+ {[%clk 0:01:31]}  Kh8 {[%clk 0:01:42]} 40. Be6+ {[%clk 0:01:26]} 1-0

[Event "Masters Tournament (MTO)"]
[Site "Biel, CH"]
[Date "2025.07.22"]
[Round "8"]
[White "Sasikiran, Krishnan"]
[Black "Soo, Kai Jie"]
[Result "0-1"]
[Board "5"]
[WhiteFideId "5004985"]
[BlackFideId "5803454"]
[WhiteTitle "GM"]
[BlackTitle "FM"]
[WhiteElo "2531"]
[BlackElo "2240"]
[WhiteTeam "IND"]
[BlackTeam "AUS"]
[WhiteClock "0:06:17"]
[BlackClock "1:00:25"]
[Variant "Standard"]

1. d4 {[%clk 1:40:36]}  Nf6 {[%clk 1:40:25]} 2. c4 {[%clk 1:40:52]}  e6 {[%clk 1:40:48]} 3. Nf3 {[%clk 1:41:04]}  d5 {[%clk 1:41:14]} 4. g3 {[%clk 1:40:34]}  Bb4+ {[%clk 1:41:35]} 5. Bd2 {[%clk 1:40:28]}  Be7 {[%clk 1:41:53]} 6. Bg2 {[%clk 1:40:21]}  O-O {[%clk 1:42:13]} 7. O-O {[%clk 1:40:11]}  c6 {[%clk 1:40:32]} 8. Qc2 {[%clk 1:38:28]}  Nbd7 {[%clk 1:42:59]} 9. Rd1 {[%clk 1:36:41]}  b6 {[%clk 1:43:22]} 10. b3 {[%clk 1:35:16]}  h6 {[%clk 1:41:25]} 11. Bf4 {[%clk 1:30:53]}  a5 {[%clk 1:35:52]} 12. Nbd2 {[%clk 1:24:54]}  Nh5 {[%clk 1:32:22]} 13. Be5 {[%clk 1:21:42]}  Bb7 {[%clk 1:31:53]} 14. e4 {[%clk 1:16:50]}  Rc8 {[%clk 1:23:32]} 15. Bh3 {[%clk 1:13:06]}  Re8 {[%clk 1:25:35]} 16. Re1 {[%clk 1:09:29]}  Ba3 {[%clk 1:20:55]} 17. Rad1 {[%clk 1:06:24]}  Qe7 {[%clk 1:18:41]} 18. Re3 {[%clk 0:59:19]}  f6 {[%clk 1:17:19]} 19. g4 {[%clk 0:50:37]}  fxe5 {[%clk 1:12:39]} 20. gxh5 {[%clk 0:48:37]}  Bd6 {[%clk 1:03:29]} 21. dxe5 {[%clk 0:38:33]}  Bc5 {[%clk 1:00:47]} 22. Rd3 {[%clk 0:33:10]}  Rf8 {[%clk 0:58:19]} 23. Kh1 {[%clk 0:29:21]}  Rf4 {[%clk 1:07:38]} 24. Rg1 {[%clk 0:20:52]}  Re8 {[%clk 0:57:17]} 25. Rg2 {[%clk 0:18:07]}  Nf8 {[%clk 1:01:03]} 26. Ng1 {[%clk 0:11:18]}  Qf7 {[%clk 0:57:39]} 27. Rdg3 {[%clk 0:12:45]}  Re7 {[%clk 0:56:01]} 28. Ngf3 {[%clk 0:08:54]}  Qxh5 {[%clk 0:56:11]} 29. Qd3 {[%clk 0:07:12]}  Kh8 {[%clk 0:52:21]} 30. a3 {[%clk 0:05:38]}  Rd7 {[%clk 0:48:43]} 31. Qe2 {[%clk 0:05:05]}  g5 {[%clk 0:47:05]} 32. Qe1 {[%clk 0:01:23]}  Rg7 {[%clk 0:47:16]} 33. Bg4 {[%clk 0:00:50]}  Qg6 {[%clk 0:47:13]} 34. h4 {[%clk 0:00:37]}  dxe4 {[%clk 0:47:09]} 35. hxg5 {[%clk 0:00:35]}  exf3 {[%clk 0:47:28]} 36. Bxf3 {[%clk 0:00:32]}  Rh4+ {[%clk 0:45:11]} 37. Rh2 {[%clk 0:00:32]}  Rxh2+ {[%clk 0:45:34]} 38. Kxh2 {[%clk 0:00:58]}  hxg5 {[%clk 0:44:27]} 39. Be4 {[%clk 0:01:22]}  Qf7 {[%clk 0:44:46]} 40. Rf3 {[%clk 0:01:45]}  Qe8 {[%clk 0:44:48]} 41. Qh1 {[%clk 0:00:46]}  g4 {[%clk 0:44:57]} 42. Kg2+ {[%clk 0:28:47]}  Kg8 {[%clk 0:43:03]} 43. Rf6 {[%clk 0:27:12]}  Be7 {[%clk 1:14:25]} 44. Rh6 {[%clk 0:25:29]}  Bg5 {[%clk 1:14:45]} 45. Rh8+ {[%clk 0:25:11]}  Kf7 {[%clk 1:14:38]} 46. Nf1 {[%clk 0:24:55]}  Qb8 {[%clk 1:10:16]} 47. Ng3 {[%clk 0:16:51]}  Qxe5 {[%clk 1:12:14]} 48. Qd1 {[%clk 0:16:42]}  Rg8 {[%clk 1:05:43]} 49. Rh1 {[%clk 0:14:37]}  Bf4 {[%clk 1:05:43]} 50. Re1 {[%clk 0:15:01]}  Bxg3 {[%clk 1:05:56]} 51. fxg3 {[%clk 0:14:34]}  Ke7 {[%clk 1:04:19]} 52. c5 {[%clk 0:12:48]}  Qxc5 {[%clk 1:05:08]} 53. Qd2 {[%clk 0:12:59]}  Nd7 {[%clk 1:00:02]} 54. b4 {[%clk 0:09:47]}  Qg5 {[%clk 1:01:03]} 55. Qc2 {[%clk 0:06:49]}  Nf6 {[%clk 0:59:50]} 56. Bf5 {[%clk 0:07:02]}  c5+ {[%clk 1:00:13]} 57. Kg1 {[%clk 0:07:28]}  Bd5 {[%clk 1:00:18]} 58. bxc5 {[%clk 0:06:17]}  Rh8 {[%clk 1:00:25]} 0-1

[Event "Masters Tournament (MTO)"]
[Site "Biel, CH"]
[Date "2025.07.22"]
[Round "8"]
[White "Poh, Yu Tian"]
[Black "Vincenti, Leonardo"]
[Result "1-0"]
[Board "6"]
[WhiteFideId "5734088"]
[BlackFideId "28550820"]
[WhiteTitle "IM"]
[BlackTitle "CM"]
[WhiteElo "2458"]
[BlackElo "2265"]
[WhiteTeam "MAS"]
[BlackTeam "ITA"]
[WhiteClock "0:04:16"]
[BlackClock "0:01:50"]
[Variant "Standard"]

1. e4 {[%clk 1:40:57]}  c5 {[%clk 1:40:58]} 2. Nf3 {[%clk 1:41:04]}  d6 {[%clk 1:41:26]} 3. d4 {[%clk 1:41:25]}  cxd4 {[%clk 1:41:53]} 4. Nxd4 {[%clk 1:41:43]}  Nf6 {[%clk 1:42:19]} 5. Nc3 {[%clk 1:42:06]}  a6 {[%clk 1:42:44]} 6. Bg5 {[%clk 1:42:23]}  e6 {[%clk 1:43:07]} 7. f4 {[%clk 1:42:48]}  h6 {[%clk 1:43:35]} 8. Bh4 {[%clk 1:43:00]}  Nbd7 {[%clk 1:40:51]} 9. Qf3 {[%clk 1:35:09]}  e5 {[%clk 1:30:09]} 10. fxe5 {[%clk 1:23:49]}  Nxe5 {[%clk 1:28:40]} 11. Qe2 {[%clk 1:17:25]}  Be7 {[%clk 1:26:27]} 12. O-O-O {[%clk 1:16:02]}  O-O {[%clk 1:23:01]} 13. Nf3 {[%clk 1:09:36]}  Qa5 {[%clk 1:19:16]} 14. Qe1 {[%clk 1:05:26]}  Ng6 {[%clk 1:29:05]} 15. Bg3 {[%clk 0:57:30]}  Be6 {[%clk 1:24:31]} 16. Kb1 {[%clk 0:52:38]}  Rac8 {[%clk 1:14:25]} 17. Nd5 {[%clk 0:47:26]}  Qc5 {[%clk 1:04:50]} 18. Nxe7+ {[%clk 0:43:31]}  Nxe7 {[%clk 1:07:00]} 19. Bd3 {[%clk 0:42:14]}  Nc6 {[%clk 1:00:34]} 20. Bf2 {[%clk 0:29:44]}  Qb4 {[%clk 0:43:53]} 21. a3 {[%clk 0:23:47]}  Qa4 {[%clk 0:41:34]} 22. Bg3 {[%clk 0:04:39]}  b5 {[%clk 0:24:59]} 23. Bxd6 {[%clk 0:16:43]}  Rfd8 {[%clk 0:25:25]} 24. e5 {[%clk 0:13:21]}  Rxd6 {[%clk 0:22:01]} 25. exf6 {[%clk 0:09:26]}  Rcd8 {[%clk 0:18:57]} 26. Qh4 {[%clk 0:00:03]}  Qxh4 {[%clk 0:09:58]} 27. Nxh4 {[%clk 0:08:35]}  g5 {[%clk 0:09:42]} 28. Nf3 {[%clk 0:08:11]}  Bc4 {[%clk 0:09:28]} 29. Rhe1 {[%clk 0:03:15]}  Bxd3 {[%clk 0:09:12]} 30. Rxd3 {[%clk 0:03:03]}  Rxd3 {[%clk 0:09:34]} 31. cxd3 {[%clk 0:03:30]}  Rxd3 {[%clk 0:09:52]} 32. Re8+ {[%clk 0:02:49]}  Kh7 {[%clk 0:10:21]} 33. Rf8 {[%clk 0:02:09]}  Rd6 {[%clk 0:03:03]} 34. Rxf7+ {[%clk 0:02:37]}  Kg6 {[%clk 0:03:32]} 35. Rb7 {[%clk 0:01:58]}  Nd8 {[%clk 0:01:14]} 36. Rd7 {[%clk 0:01:05]}  Rxd7 {[%clk 0:01:20]} 37. Ne5+ {[%clk 0:01:34]}  Kxf6 {[%clk 0:01:31]} 38. Nxd7+ {[%clk 0:02:03]}  Kf5 {[%clk 0:01:01]} 39. Kc2 {[%clk 0:01:33]}  Nb7 {[%clk 0:00:41]} 40. Nb8 {[%clk 0:00:59]}  a5 {[%clk 0:30:44]} 41. Kd3 {[%clk 0:22:56]}  Ke6 {[%clk 0:12:21]} 42. Nc6 {[%clk 0:21:30]}  Kd6 {[%clk 0:11:52]} 43. Nd4 {[%clk 0:16:26]}  Nc5+ {[%clk 0:07:32]} 44. Kc2 {[%clk 0:15:37]}  b4 {[%clk 0:02:14]} 45. Nf5+ {[%clk 0:14:21]}  Ke5 {[%clk 0:00:45]} 46. Nxh6 {[%clk 0:14:42]}  Kf4 {[%clk 0:00:36]} 47. Nf7 {[%clk 0:09:33]}  g4 {[%clk 0:00:59]} 48. Nd6 {[%clk 0:04:33]}  g3 {[%clk 0:00:57]} 49. h3 {[%clk 0:04:14]}  Ke3 {[%clk 0:00:42]} 50. Nf5+ {[%clk 0:04:02]}  Kf2 {[%clk 0:00:23]} 51. h4 {[%clk 0:03:31]}  Kxg2 {[%clk 0:01:11]} 52. h5 {[%clk 0:03:40]}  Nd7 {[%clk 0:00:40]} 53. h6 {[%clk 0:03:49]}  Nf6 {[%clk 0:00:50]} 54. Kb3 {[%clk 0:03:14]}  Kf2 {[%clk 0:01:02]} 55. Nh4 {[%clk 0:02:33]}  g2 {[%clk 0:00:47]} 56. Nxg2 {[%clk 0:03:02]}  Kxg2 {[%clk 0:01:14]} 57. Ka4 {[%clk 0:02:42]}  Kf3 {[%clk 0:01:05]} 58. Kxa5 {[%clk 0:03:02]}  bxa3 {[%clk 0:01:32]} 59. bxa3 {[%clk 0:03:29]}  Ke4 {[%clk 0:00:37]} 60. Kb6 {[%clk 0:03:26]}  Ke5 {[%clk 0:00:33]} 61. Kc6 {[%clk 0:03:01]}  Kf5 {[%clk 0:00:34]} 62. a4 {[%clk 0:03:24]}  Kg6 {[%clk 0:01:03]} 63. a5 {[%clk 0:03:48]}  Ng4 {[%clk 0:01:24]} 64. a6 {[%clk 0:03:58]}  Ne5+ {[%clk 0:01:50]} 65. Kc7 {[%clk 0:04:16]} 1-0

[Event "Masters Tournament (MTO)"]
[Site "Biel, CH"]
[Date "2025.07.22"]
[Round "8"]
[White "Panchanathan, Magesh Chandran"]
[Black "Mostertman, Milan"]
[Result "1-0"]
[Board "7"]
[WhiteFideId "5007429"]
[BlackFideId "1025848"]
[WhiteTitle "GM"]
[BlackTitle "FM"]
[WhiteElo "2454"]
[BlackElo "2212"]
[WhiteTeam "IND"]
[BlackTeam "NED"]
[WhiteClock "0:44:10"]
[BlackClock "0:04:26"]
[Variant "Standard"]

1. Nf3 {[%clk 1:39:13]}  Nf6 {[%clk 1:40:53]} 2. d4 {[%clk 1:39:20]}  e6 {[%clk 1:41:08]} 3. e3 {[%clk 1:39:44]}  d5 {[%clk 1:38:24]} 4. Bd3 {[%clk 1:40:08]}  Bd6 {[%clk 1:38:42]} 5. b3 {[%clk 1:40:32]}  b6 {[%clk 1:38:45]} 6. Bb2 {[%clk 1:40:57]}  Bb7 {[%clk 1:39:05]} 7. O-O {[%clk 1:41:16]}  O-O {[%clk 1:37:01]} 8. Nbd2 {[%clk 1:40:50]}  Ne4 {[%clk 1:35:20]} 9. c4 {[%clk 1:39:37]}  Nd7 {[%clk 1:32:43]} 10. Rc1 {[%clk 1:42:10]}  f5 {[%clk 1:30:17]} 11. cxd5 {[%clk 1:42:33]}  exd5 {[%clk 1:30:08]} 12. Ne5 {[%clk 1:42:59]}  Qe7 {[%clk 1:07:55]} 13. Nxd7 {[%clk 1:42:19]}  Qxd7 {[%clk 1:05:10]} 14. Nf3 {[%clk 1:42:42]}  a5 {[%clk 0:55:28]} 15. Ne5 {[%clk 1:40:04]}  Qe6 {[%clk 0:56:32]} 16. a4 {[%clk 1:32:15]}  Rae8 {[%clk 0:47:00]} 17. Qe2 {[%clk 1:32:03]}  Bxe5 {[%clk 0:45:46]} 18. dxe5 {[%clk 1:32:10]}  Nc5 {[%clk 0:46:13]} 19. Rxc5 {[%clk 1:28:47]}  bxc5 {[%clk 0:46:35]} 20. Rc1 {[%clk 1:28:55]}  Ra8 {[%clk 0:39:14]} 21. Rxc5 {[%clk 1:22:06]}  Ba6 {[%clk 0:39:39]} 22. f4 {[%clk 1:19:51]}  Qb6 {[%clk 0:31:22]} 23. Bd4 {[%clk 1:19:49]}  c6 {[%clk 0:27:34]} 24. Bxa6 {[%clk 1:16:44]}  Qxa6 {[%clk 0:28:51]} 25. Qc2 {[%clk 1:17:04]}  Qb7 {[%clk 0:28:37]} 26. h3 {[%clk 1:13:16]}  h6 {[%clk 0:25:36]} 27. Kh2 {[%clk 1:13:19]}  Kh7 {[%clk 0:23:27]} 28. Rc3 {[%clk 1:00:42]}  Qd7 {[%clk 0:22:48]} 29. Rc5 {[%clk 0:58:20]}  Qb7 {[%clk 0:19:23]} 30. e6 {[%clk 0:54:05]}  Kg8 {[%clk 0:09:36]} 31. Rxc6 {[%clk 0:49:28]}  Rac8 {[%clk 0:09:52]} 32. Rc5 {[%clk 0:49:13]}  Rxc5 {[%clk 0:06:12]} 33. Qxc5 {[%clk 0:49:37]}  Re8 {[%clk 0:00:08]} 34. Qd6 {[%clk 0:41:18]}  Qe7 {[%clk 0:05:54]} 35. Qxd5 {[%clk 0:41:39]}  Qxe6 {[%clk 0:06:16]} 36. Qxa5 {[%clk 0:42:04]}  Qxb3 {[%clk 0:04:40]} 37. Qxf5 {[%clk 0:42:25]}  Qxa4 {[%clk 0:05:04]} 38. Qd5+ {[%clk 0:42:41]}  Kh7 {[%clk 0:03:06]} 39. Qf7 {[%clk 0:42:45]}  Rg8 {[%clk 0:03:27]} 40. Qf5+ {[%clk 0:43:08]}  Kh8 {[%clk 0:03:51]} 41. Qg6 {[%clk 0:43:34]}  Qa6 {[%clk 0:03:34]} 42. Qxa6 {[%clk 0:43:54]}  Rf8 {[%clk 0:03:57]} 43. Qxh6+ {[%clk 0:44:18]}  Kg8 {[%clk 0:04:26]} 44. Qxg7# {[%clk 0:44:10]} 1-0